Classement de la ligue 1 2020/2021 - Statistiques

Statistiques générales
  • Ce quiz a été pris 1 162 fois
  • Le résultat moyen est 10 sur 20
Statistiques - réponses
position points club % Correct
1er 83 Lille
99%
2 ème 82 Psg
98%
3 ème 78 Monaco
89%
4 76 Lyon
87%
5 60 Marseille
86%
6 58 Rennes
74%
7 57 Lens
58%
8 54 Montpellier
49%
9 52 Nice
47%
18 40 Nantes
35%
11 46 Saint-Etienne
35%
12 45 Bordeaux
31%
17 41 Brest
27%
14 42 Reims
27%
15 42 Strasbourg
27%
13 44 Angers
26%
10 47 Metz
26%
16 42 Lorient
25%
20 21 DIjon
24%
19 35 Nimes
22%
Aucun quiz correspondant
Distribution des résultats
% des personnes avec chaque résultat
Percentile par nombre de réponses
Votre historique - résultats
Vous n’avez pas pris ce quiz